Aproximácia celkových škôd pomocou ortogonálnych polynómov

Jedným zo základných problémov poisťovne pri tvorbe a predaji svojich produktov je určenie ich ceny. celkové škody sú dôležité nielen pre určenie sadzby pre daný produkt ale aj pre určenie spôsobu a výšky zaistenia a pre určenie možnej insolventnosti poisťovne. Metóda ortogonálnych polynómov je jedn...

Ausführliche Beschreibung

Gespeichert in:
Bibliographische Detailangaben
1. Verfasser: Gašpar, Pavel
Format: Buchkapitel
Sprache:Slowakisch
Schlagworte:
Tags: Tag hinzufügen
Keine Tags, Fügen Sie das erste Tag hinzu!

MARC

LEADER 00000naa$a2200000$$$4500
001 0031716
005 20230118073227.6
041 0 |a slo 
044 |a SK 
245 1 0 |a Aproximácia celkových škôd pomocou ortogonálnych polynómov  |c Pavel Gašpar 
520 |a Jedným zo základných problémov poisťovne pri tvorbe a predaji svojich produktov je určenie ich ceny. celkové škody sú dôležité nielen pre určenie sadzby pre daný produkt ale aj pre určenie spôsobu a výšky zaistenia a pre určenie možnej insolventnosti poisťovne. Metóda ortogonálnych polynómov je jednou z možných metód na určenie celkových škôd a je vhodná najmä pri malom množstve dostupných údajov za dané riziko. 
610 2 0 |a riziko 
610 2 0 |a riziko poistné 
610 2 0 |a matematika poistná 
610 2 0 |a metódy 
610 2 0 |a poisťovne 
610 2 0 |a produkty 
610 2 0 |a tvorba cien 
100 1 |a Gašpar, Pavel